Osaka Subway Lines - Statistics

General Stats
  • This quiz has been taken 140 times
  • The average score is 5 of 8
Answer Stats
Picture Answer % Correct
Midosuji Line
96%
Chuo Line
82%
Tanimachi Line
74%
Sennichimae Line
65%
Yotsubashi Line
63%
Sakaisuji Line
62%
Nagahori Tsurumi Ryokuchi
58%
Imazatosuji Line
47%
No matching quizzes found
Score Distribution
Percent of People with Each Score
Percentile by Number Answered
Your Score History
You have not taken this quiz